000 00728cam a22002533a 4500
001 28988
003 PGUSA
005 20140828083628.0
008 090529s2009||||xxu|||||s|||||000 1 eng d
040 _aPGUSA
_beng
042 _adc
050 4 _aPS
100 1 _aDreiser, Theodore,
_d1871-1945
245 1 0 _aJennie Gerhardt :
_bA Novel
_h[electronic resource] /
_cTheodore Dreiser
260 _bProject Gutenberg,
_c2009
506 _aPublic domain in the USA.
516 _aElectronic text
653 _aWomen household employees -- Fiction
653 _aUnmarried mothers -- Fiction
653 _aLove stories
830 0 _aProject Gutenberg
_v28988
856 4 0 _uhttp://www.gutenberg.org/ebooks/28988
942 _cEB
999 _c258243
_d258243